Normal view
MARC view
- G.Stephenson
Entry Personal Name
001 - CONTROL NUMBER
- control field: 103050
003 - CONTROL NUMBER IDENTIFIER
- control field: NUST
005 - DATE AND TIME OF LATEST TRANSACTION
- control field: 20221118114232.0
008 - FIXED-LENGTH DATA ELEMENTS
- fixed length control field: 221118|| aca||aabn | a|a d
040 ## - CATALOGING SOURCE
- Original cataloging agency: NUST
- Transcribing agency: NUST
100 ## - HEADING--PERSONAL NAME
- Personal name: G.Stephenson
670 ## - SOURCE DATA FOUND
- Source citation: Work cat.: (NUST)181927: G.Stephenson, An introduction to partial differential equations for science students/, 1968
